Seifert fibered spaces in 3-manifolds

Saved in:
Bibliographic Details
Main Author: Jaco, William H. 1940-
Other Authors: Shalen, Peter B. 1946-
Format: Book
Language:English
Published: Providence : American Mathematical Society, 1979
Series:Memoirs of the American Mathematical Society ; ; 220
Subjects:
Tags: Add Tag
No Tags, Be the first to tag this record!

MARC

LEADER 00000cam a2200000 i 4500
001 1/48882
008 941103s1979 eng d
020 |a 0821822209 
035 |l 10043461 
035 |a 1993 
040 |a GR-MY-UA  |b gre  |e aacr 
041 0 |a eng 
082 0 |a 514.224 
100 1 |a Jaco, William H.  |d 1940- 
245 1 0 |a Seifert fibered spaces in 3-manifolds /  |c William H. Jaco and Peter B. Shalen 
260 |a Providence :   |b American Mathematical Society,   |c 1979 
300 |a viii, 192 p.;  |c 26 cm 
490 1 |a Memoirs of the American Mathematical Society  |v ; 220 
500 |a Includes index 
504 |a Bibliography: p. 188-190 
650 0 0 |a Fiber spaces (Mathematics) 
650 0 0 |a Manifolds (Mathematics) 
650 0 0 |a Homotopy theory. 
650 0 0 |a Knot theory. 
700 1 |a Shalen, Peter B.  |d 1946- 
830 0 |a Memoirs of the American Mathematical Society ;  |v ; 220 
852 |a INST  |b SAMOS  |e 19941103  |h 514.224 JAC  |p 005300007655  |q 005300007655  |t BK  |y 0 
909 |a Σ  |b 033400